Catálogo
 En Linea

José Antonio Páez. (Registro nro. 11100)

Detalles MARC
000 -CABECERA
campo de control de longitud fija 00836cam a22002411 4500
001 - NÚMERO DE CONTROL
campo de control 000011393
005 - FECHA Y HORA DE LA ÚLTIMA TRANSACCIÓN
campo de control 20200929162435.0
008 - DATOS DE LONGITUD FIJA--INFORMACIÓN GENERAL
campo de control de longitud fija 761115s1959 ve a 000 0 spa
010 ## - NÚMERO DE CONTROL DE LA BIBLIOTECA DEL CONGRESO
Número de control de LC 61024241
035 ## - NÚMERO DE CONTROL DEL SISTEMA
Número de control de sistema (OCoLC)2557748
040 ## - FUENTE DE LA CATALOGACIÓN
Centro catalogador/agencia de origen DO-SdBNP
Centro/agencia transcriptor NAlU
Centro/agencia modificador DLC
042 ## - CÓDIGO DE AUTENTICACIÓN
Código de autenticación premarc
082 ## - NÚMERO DE LA CLASIFICACIÓN DECIMAL DEWEY
Número de clasificación 923.587
-- P127C
100 2# - ENTRADA PRINCIPAL--NOMBRE DE PERSONA
Nombre de persona Cunninghame Graham, R. B.
Forma completa/desarrollada del nombre (Robert Bontine),
Fechas asociadas al nombre 1852-1936
9 (RLIN) 27010
245 00 - MENCIÓN DE TÍTULO
Título José Antonio Páez.
250 ## - MENCIÓN DE EDICIÓN
Mención de edición 1. version castellana.
Resto de la mención de edición Introd. de Cristobal L. Mendoza. [Traduccion de Antonio de Blois Carreno, completada y rev. por Rafael Bosch]
260 ## - PUBLICACIÓN, DISTRIBUCIÓN, ETC.
Lugar de publicación, distribución, etc. Caracas,
Fecha de publicación, distribución, etc. 1959.
300 ## - DESCRIPCIÓN FÍSICA
Extensión 285 p. :
Otras características físicas illus. ;
Dimensiones 24 cm.
504 ## - NOTA DE BIBLIOGRAFÍA, ETC.
Nota de bibliografía, etc. Includes bibliography.
600 10 - PUNTO DE ACCESO ADICIONAL DE MATERIA--NOMBRE DE PERSONA
Nombre de persona PAEZ, JOSÈ ANTONIO,
Fechas asociadas al nombre 1790-1873.
9 (RLIN) 27011
651 #4 - PUNTO DE ACCESO ADICIONAL DE MATERIA--NOMBRE GEOGRÁFICO
Nombre geográfico Venezuela
Subdivisión general Historia
Subdivisión cronológica 1810-
9 (RLIN) 6710
910 ## - DATOS DE OPCIÓN DEL USUARIO (OCLC)
Datos de opción del usuario Catalogación por copia / LC
Existencias
Estado de retiro Estado de pérdida Restricciones de uso No para préstamo Código de colección Localización permanente Ubicación/localización actual Ubicación en estantería Fecha de adquisición Número de inventario Total de préstamos Signatura topográfica completa Código de barras Fecha visto por última vez Precio válido a partir de Tipo de ítem Koha
    Préstamo interno   Monografías: Libros y Folletos General General En catalogación 16.10.2009 LF1   923.587 P127C 11393-10 25.06.2020 25.06.2020 Préstamo interno

Con tecnología Koha